<?xml version="1.0" encoding="UTF-8"?>
<record
    xmlns:xsi="http://www.w3.org/2001/XMLSchema-instance"
    xsi:schemaLocation="http://www.loc.gov/MARC21/slim http://www.loc.gov/standards/marcxml/schema/MARC21slim.xsd"
    xmlns="http://www.loc.gov/MARC21/slim">

  <leader>00723nam a22001937a 4500</leader>
  <controlfield tag="003">UA-OsUOA</controlfield>
  <controlfield tag="001"> 10792 </controlfield>
  <controlfield tag="007">ta</controlfield>
  <controlfield tag="008">20050127b un ||||| |||| 00| 0 ukr d</controlfield>
  <datafield tag="100" ind1=" " ind2=" ">
    <subfield code="a">&#x425;&#x43E;&#x43C;&#x443;&#x43B;&#x435;&#x43D;&#x43A;&#x43E; &#x422;. &#x422;.</subfield>
  </datafield>
  <datafield tag="700" ind1=" " ind2=" ">
    <subfield code="a">&#x425;&#x43E;&#x43C;&#x443;&#x43B;&#x435;&#x43D;&#x43A;&#x43E; &#x411;.</subfield>
  </datafield>
  <datafield tag="942" ind1=" " ind2=" ">
    <subfield code="c">SA</subfield>
  </datafield>
  <datafield tag="040" ind1=" " ind2=" ">
    <subfield code="a">UA-OsUOA</subfield>
    <subfield code="c">UA-OsUOA</subfield>
    <subfield code="d">UA-OsUOA</subfield>
  </datafield>
  <datafield tag="245" ind1=" " ind2=" ">
    <subfield code="a">&#x414;&#x438;&#x445;&#x43E;&#x442;&#x43E;&#x43C;&#x456;&#x44F; "&#x430;&#x432;&#x442;&#x43E;&#x440;&#x438;&#x442;&#x430;&#x440;&#x43D;&#x456;&#x441;&#x442;&#x44C; - &#x434;&#x435;&#x43C;&#x43E;&#x43A;&#x440;&#x430;&#x442;&#x438;&#x447;&#x43D;&#x456;&#x441;&#x442;&#x44C;" &#x432; &#x43E;&#x43D;&#x442;&#x43E;&#x433;&#x435;&#x43D;&#x435;&#x437;&#x456; &#x43E;&#x441;&#x43E;&#x431;&#x438;&#x441;&#x442;&#x43E;&#x441;&#x442;&#x456;</subfield>
    <subfield code="c">&#x422;., &#x425;&#x43E;&#x43C;&#x443;&#x43B;&#x435;&#x43D;&#x43A;&#x43E; &#x411;. &#x425;&#x43E;&#x43C;&#x443;&#x43B;&#x435;&#x43D;&#x43A;&#x43E; &#x422;.</subfield>
  </datafield>
  <datafield tag="300" ind1=" " ind2=" ">
    <subfield code="a">&#x421;.146 - 154</subfield>
  </datafield>
  <datafield tag="955" ind1=" " ind2=" ">
    <subfield code="a">0</subfield>
  </datafield>
  <datafield tag="773" ind1="0" ind2=" ">
    <subfield code="w">0</subfield>
    <subfield code="t">&#x41F;&#x441;&#x438;&#x445;&#x43E;&#x43B;&#x43E;&#x433;&#x456;&#x44F; &#x456; &#x441;&#x443;&#x441;&#x43F;&#x456;&#x43B;&#x44C;&#x441;&#x442;&#x432;&#x43E;</subfield>
    <subfield code="d">&#x422;&#x435;&#x440;&#x43D;&#x43E;&#x43F;&#x456;&#x43B;&#x44C;</subfield>
    <subfield code="d">2004</subfield>
    <subfield code="g">&#x2116;4</subfield>
  </datafield>
  <datafield tag="650" ind1=" " ind2="7">
    <subfield code="a">&#x41F;&#x441;&#x438;&#x445;&#x43E;&#x43B;&#x43E;&#x433;&#x456;&#x44F; &#x43E;&#x441;&#x43E;&#x431;&#x438;&#x441;&#x442;&#x43E;&#x441;&#x442;&#x456;</subfield>
    <subfield code="2">UDC</subfield>
  </datafield>
  <datafield tag="999" ind1=" " ind2=" ">
    <subfield code="c">296953</subfield>
    <subfield code="d">296953</subfield>
  </datafield>
</record>
